| 000 | 00472cam a22001337a 4500 | ||
|---|---|---|---|
| 008 | 180718b1966 xxu||||| |||| 00| 0 eng d | ||
| 082 | _aT3942x54 In2/SM/1963 | ||
| 100 | _aIndia. Tariff Commission | ||
| 245 |
_aReport on the continuance of protection to the Safety Match Industry, Bombay, 1963 _cby Tariff Commission |
||
| 260 |
_aDelhi _bThe Manager of Publications _c1966 |
||
| 300 | _a6+p. | ||
| 500 | _aChairman: K.R.P. Aiyangar | ||
| 700 | _aAiyangar, K.R.P. (Chairman) | ||
| 999 |
_c489829 _d489829 |
||